00608nam a22001697a 450000500170000001000150001702000300003203500140006203700130007608200110008910000140010024500990011425000120021326000440022527000770026930000920034620210406172534.0 aENG-129377 a978-93-5388-462-8c650.00 aEN-112909 bDBAD/PUB a327.43 aDas, J. P aReading Difficulties and Dyslexia: Essential Concepts and Programs for Improvement/cJ. P. Das aupdated aNew DelhibSage Publication Indiac2020 aB1/1-1 Mohan Cooperative Industrial Area Mathura RoadbNew Delhie110044 axxvi+260p.c21cm(pbk)bIncluding illustrations, tables, and bibliographical references.